Southville International School and Colleges
Your cart is empty.
  • Cart
  • Lists
    Public lists Eva Luna New books Lux_list list_1
    Your lists Log in to create your own lists
  • Log in to your account
  • Your cookies
  • Search history
Southville International School and Colleges
  • Advanced search
  • Recent comments
  • Most popular
  • Libraries

Log in to your account

Log in with GOOGLE


If you do not have an external account, but do have a local account, you can still log in:

  1. Home
  2. MARC view: Accounting information systems /
Normal view MARC view ISBD view

Accounting information systems / (Record no. 288359)

[ view plain ]
MARC details
000 -LEADER
fixed length control field 04607nam a2200241 a 4500
001 - CONTROL NUMBER
control field SSB002730
003 - CONTROL NUMBER IDENTIFIER
control field PILC
005 - DATE AND TIME OF LATEST TRANSACTION
control field 20150806083250.0
008 - FIXED-LENGTH DATA ELEMENTS--GENERAL INFORMATION
fixed length control field
020 ## - INTERNATIONAL STANDARD BOOK NUMBER
International Standard Book Number 9789812533593
050 00 - LIBRARY OF CONGRESS CALL NUMBER
Classification number HF 5679
Item number .Si45 2013
100 ## - MAIN ENTRY--PERSONAL NAME
Personal name Simkin, Mark G.
245 10 - TITLE STATEMENT
Title Accounting information systems /
Statement of responsibility, etc Mark G. Simkin, Jacob M. Rose, Carolyn Strand Norman.
250 ## - EDITION STATEMENT
Edition statement 12th edition.
260 ## - PUBLICATION, DISTRIBUTION, ETC. (IMPRINT)
Place of publication, distribution, etc Singapore :
Name of publisher, distributor, etc John Wiley & Sons,
Date of publication, distribution, etc 2013.
300 ## - PHYSICAL DESCRIPTION
Extent xii, 464 pages : :
Other physical details illustrations ;
Dimensions 25 cm.
500 ## - GENERAL NOTE
General note Includes index.
650 #0 - SUBJECT ADDED ENTRY--TOPICAL TERM
Topical term or geographic name as entry element Information storage and retrieval systems
General subdivision Accounting.
650 #0 - SUBJECT ADDED ENTRY--TOPICAL TERM
Topical term or geographic name as entry element Accounting
General subdivision Data processing.
700 ## - ADDED ENTRY--PERSONAL NAME
Personal name Norman, Carolyn Strand.
700 ## - ADDED ENTRY--PERSONAL NAME
Personal name Rose, Jacob M.
942 ## - ADDED ENTRY ELEMENTS (KOHA)
Source of classification or shelving scheme Library of Congress Classification
Koha item type Books
Call number prefix Foreign
Holdings
Withdrawn status Lost status Source of classification or shelving scheme Damaged status Home library Current library Shelving location Date acquired Source of acquisition Sub Shelving location Total Checkouts Total Renewals Full call number Barcode Date last seen Date checked out Price effective from Koha item type
    Library of Congress Classification   College Library College Library Reserve Section 08/06/2015 Library Fund   1 11 HF 5679 .Si45 2013 C19677 05/15/2018 06/23/2016 08/06/2015 Books
    Library of Congress Classification   College Library College Library Reserve Section 12/05/2016 Library Fund       HF 5679 .Si45 2013 C20812 05/15/2018   12/05/2016 Books

Accounting information systems /

APA

Simkin M. G., Norman C. S. & Rose J. M. (2013). Accounting information systems. Singapore: John Wiley & Sons.

Chicago

Simkin Mark G, Norman Carolyn Strand and Rose Jacob M. 2013. Accounting information systems. Singapore: John Wiley & Sons.

Harvard

Simkin M. G., Norman C. S. and Rose J. M. (2013). Accounting information systems. Singapore: John Wiley & Sons.

MLA

Simkin Mark G, Norman Carolyn Strand and Rose Jacob M. Accounting information systems. Singapore: John Wiley & Sons. 2013.

  • Place hold
  • Print
  • Cite
  • Add to your cart (remove)
  • Save record
    BIBTEX Dublin Core MARCXML MARC (non-Unicode/MARC-8) MARC (Unicode/UTF-8) MARC (Unicode/UTF-8, Standard) MODS (XML) RIS
  • More searches
    Search for this title in:
    Other Libraries (WorldCat) Other Databases (Google Scholar) Online Stores (Bookfinder.com) Open Library (openlibrary.org)

Exporting to Dublin Core...

SOUTHVILLE LIBRARY

Southville International School and Colleges Library

1281 Tropical Ave. Cor. Luxembourg St., BF Homes International, Las Pinas City

Tel. No. 8256374 / 252358 Loc. 117/146

Powered by Koha